Management information systems: (Record no. 3412)
[ view plain ]
| 000 -LEADER | |
|---|---|
| fixed length control field | 00667nam a22002297a 4500 |
| 003 - CONTROL NUMBER IDENTIFIER | |
| control field | OSt |
| 005 - DATE AND TIME OF LATEST TRANSACTION | |
| control field | 20220107122725.0 |
| 008 - FIXED-LENGTH DATA ELEMENTS--GENERAL INFORMATION | |
| fixed length control field | 131022b xxu||||| |||| 00| 0 eng d |
| 020 ## - INTERNATIONAL STANDARD BOOK NUMBER | |
| International Standard Book Number | 9780074638798 |
| 040 ## - CATALOGING SOURCE | |
| Transcribing agency | IIITM-K |
| 082 ## - DEWEY DECIMAL CLASSIFICATION NUMBER | |
| Classification number | 658.4038011 SCH/M;1 |
| 100 ## - MAIN ENTRY--PERSONAL NAME | |
| Personal name | Schultheis, Robert |
| 9 (RLIN) | 2546 |
| 245 ## - TITLE STATEMENT | |
| Title | Management information systems: |
| Remainder of title | The manager's view |
| Statement of responsibility, etc. | by Robert Schultheis, Mary Sumner |
| 250 ## - EDITION STATEMENT | |
| Edition statement | 4th edition |
| 260 ## - PUBLICATION, DISTRIBUTION, ETC. | |
| Name of publisher, distributor, etc. | Tata Mc Graw Hill, |
| Place of publication, distribution, etc. | New Delhi, |
| Date of publication, distribution, etc. | 1999. |
| 300 ## - PHYSICAL DESCRIPTION | |
| Extent | xxii, 743p. |
| 650 ## - SUBJECT ADDED ENTRY--TOPICAL TERM | |
| Topical term or geographic name entry element | MANAGEMENT |
| 9 (RLIN) | 2547 |
| 650 ## - SUBJECT ADDED ENTRY--TOPICAL TERM | |
| Topical term or geographic name entry element | MANAGEMENT INFORMATION SYSTEMS |
| 9 (RLIN) | 2548 |
| 650 ## - SUBJECT ADDED ENTRY--TOPICAL TERM | |
| Topical term or geographic name entry element | MIS |
| 9 (RLIN) | 2549 |
| 700 ## - ADDED ENTRY--PERSONAL NAME | |
| Personal name | Sumner, Mary |
| 9 (RLIN) | 2550 |
| 942 ## - ADDED ENTRY ELEMENTS (KOHA) | |
| Source of classification or shelving scheme | Dewey Decimal Classification |
| Koha item type | Books |
| Withdrawn status | Lost status | Source of classification or shelving scheme | Damaged status | Not for loan | Collection code | Home library | Current library | Shelving location | Date acquired | Total Checkouts | Total Renewals | Full call number | Barcode | Date last seen | Date last checked out | Price effective from | Koha item type |
|---|---|---|---|---|---|---|---|---|---|---|---|---|---|---|---|---|---|
| Dewey Decimal Classification | Knowledge Management/ Management Information System | Kerala University of Digital Sciences, Innovation and Technology Knowledge Centre | Kerala University of Digital Sciences, Innovation and Technology Knowledge Centre | Management | 22/10/2013 | 3 | 658.4038011 SCH/M;1 | 3075 | 08/02/2022 | 14/01/2022 | 22/10/2013 | Books |